00578nam a2200169Ia 4500952012500000999001700125003000400142005001700146008004100163040000900204082001800213100003000231245005800261260003800319300000900357942004200366 00102ddc40708HISTORYaMESbMEScHISd2019-02-20l0o954.83 CHA/Kp14797r2019-02-20 00:00:00w2019-02-20yBKzGL34R1 c19647d19647OSt20201020104546.0190216s9999||||xx |||||||||||||| ||und|| coclc a954.83bCHA/K aChaitanya, Krishna 93110 0aKerala India The Land And People /cKrishna Chaitanya bNational Book Trust India,c1972. a202p cBK2ddch954.83iCHA/Kk954.83mCHA/K